| 000 | 00867nam a22002417a 4500 | ||
|---|---|---|---|
| 999 |
_c13648 _d13648 |
||
| 003 | AR-CdUCM | ||
| 008 | 190416b ||||| |||| 00| 0 spa d | ||
| 040 |
_aMUNICIPALIDAD PROVINCIAL DEL CUSCO _cBIBLIOTECA MUNICIPAL DEL CUSCO |
||
| 082 |
_aTS / 372.4 / _bL96 |
||
| 100 |
_aLuna, Humberto _930955 |
||
| 245 |
_aPaidología : _bEl niño del Cuzco / |
||
| 260 |
_aCusco : _bEl trabajo, _c1913. |
||
| 300 |
_a79 páginas ; _bIlustraciones, plano, _c26 cm. |
||
| 500 | _aTesis presentada para optar al grado de bachiller en la Facultad de ciencias Naturales. | ||
| 505 | _aContenido: Paidología, el Niño del Cuzco. | ||
| 650 |
_aEl niño _931427 |
||
| 650 |
_aCusco _9772 |
||
| 650 |
_aPaidología _932148 |
||
| 650 |
_aPsicología _91538 |
||
| 710 |
_aUniversidad Nacional de San Antonio Abad del Cusco, _915942 |
||
| 942 |
_2ddc _cTESIS |
||
| 945 |
_acmm _d2019-04-16 |
||